Calidad de planta forestal para la restauración en ambientes mediterráneos : (Record no. 195971)
[ view plain ]
| 000 -LEADER | |
|---|---|
| campo de control de longitud fija | 01735nam a22004215i 4500 |
| 001 - NÚMERO DE CONTROL | |
| campo de control | 195971 |
| 003 - IDENTIFICADOR DE NÚMERO DE CONTROL | |
| campo de control | ES-MaACL |
| 005 - FECHA Y HORA DE LA ÚLTIMA TRANSACCIÓN | |
| campo de control | 20250728223737.0 |
| 008 - DATOS DE LONGITUD FIJA--INFORMACIÓN GENERAL | |
| campo de control de longitud fija | 240804s2006 sp o000 0 spa d |
| 017 ## - NÚMERO DE COPYRIGHT O DE DEPÓSITO LEGAL | |
| Número de copyright o de depósito legal | M 39170-2006 |
| 020 ## - NÚMERO INTERNACIONAL ESTÁNDAR DEL LIBRO | |
| Número Internacional Estándar del Libro | 8480146708 |
| 020 ## - NÚMERO INTERNACIONAL ESTÁNDAR DEL LIBRO | |
| Número Internacional Estándar del Libro | 9788480146708 |
| 024 ## - IDENTIFICADOR DE OTROS ESTÁNDARES | |
| Número estándar o código | 31106054X |
| Información calificativa | NIPO |
| 035 ## - NÚMERO DE CONTROL DEL SISTEMA | |
| Número de control de sistema | CSIC001231625 |
| 035 ## - NÚMERO DE CONTROL DEL SISTEMA | |
| Número de control de sistema | (ES-MaCSI)001231625MAD01-Aleph |
| 035 ## - NÚMERO DE CONTROL DEL SISTEMA | |
| Número de control de sistema | (OCoLC)1085802081 |
| 035 ## - NÚMERO DE CONTROL DEL SISTEMA | |
| Número de control de sistema | 990012316250204201 |
| 040 ## - FUENTE DE CATALOGACIÓN | |
| Centro catalogador/agencia de origen | ES-MaCSI |
| Lengua de catalogación | spa |
| Centro/agencia transcriptor | ES-MaACL |
| 080 ## - NÚMERO DE LA CLASIFICACIÓN DECIMAL UNIVERSAL | |
| Número de la Clasificación Decimal Universal | 630 |
| 245 10 - MENCIÓN DEL TÍTULO | |
| Título | Calidad de planta forestal para la restauración en ambientes mediterráneos : |
| Resto del título | estado actual de conocimientos / |
| Mención de responsabilidad, etc. | coordinadores Jordi Cortina...[et al.]. |
| 260 ## - PUBLICACIÓN, DISTRIBUCIÓN, ETC. | |
| Lugar de publicación, distribución, etc. | [Madrid] : |
| Nombre del editor, distribuidor, etc. | Organismo Autónomo Parques Nacionales, |
| Fecha de publicación, distribución, etc. | D.L. . 2006. |
| 300 ## - DESCRIPCIÓN FÍSICA | |
| Extensión | 191 p. : |
| Otras características físicas | il. ; |
| Dimensiones | 25 cm. |
| 336 ## - TIPO DE CONTENIDO | |
| Fuente | rdacontent |
| Término de tipo de contenido | texto |
| 337 ## - TIPO DE MEDIO | |
| Fuente | rdamedia |
| Nombre/término del tipo de medio | sin mediación |
| 338 ## - TIPO DE SOPORTE | |
| Fuente | rdacarrier |
| Nombre/término del tipo de soporte | volumen |
| 490 1# - MENCIÓN DE SERIE | |
| Mención de serie | Naturaleza y parques nacionales. Serie forestal |
| 500 ## - NOTA GENERAL | |
| Nota general | Versión digital en línea disponible en: https://www.miteco.gob.es/content/dam/miteco/es/biodiversidad/publicaciones/calidad_planta_forestal_tcm30-100334.pdf |
| 650 #4 - PUNTO DE ACCESO ADICIONAL DE MATERIA--TÉRMINO DE MATERIA | |
| Término de materia o nombre geográfico como elemento de entrada | Repoblación forestal |
| Fuente del encabezamiento o término | CSICAU |
| 9 (RLIN) | 16850 |
| 700 ## - ENTRADA AGREGADA--NOMBRE PERSONAL | |
| Nombre de persona | Cortina Segarra, Jordi |
| 9 (RLIN) | 237752 |
| Término indicativo de función/relación | Editor literario |
| 710 0# - ENTRADA AGREGADA--NOMBRE DE ENTIDAD CORPORATIVA | |
| Nombre de entidad corporativa o nombre de jurisdicción como elemento de entrada | Organismo Autónomo Parques Nacionales (España) |
| 9 (RLIN) | 6053 |
| 830 #0 - PUNTO DE ACCESO ADICIONAL DE SERIE-TÍTULO UNIFORME | |
| Título uniforme | Naturaleza y parques nacionales |
| 9 (RLIN) | 237751 |
| 852 ## - LOCALIZACIÓN | |
| Ubicación | ES-MaACL |
| Sublocalización o colección | R.154447 |
| Ubicación en estantería | Depósito J |
| Número de control de estantería | N-9103 |
| Donativo/Legado | Donación: María Pelles |
| Encuadernación | Encuadernación cartoné |
| itemnumber | 205002 |
| 903 ## - NOMBRE PERSONAL DE DONANTE | |
| a | Pelles, María |
| e | Donante |
| 942 ## - ELEMENTOS DE ENTRADA SECUNDARIOS (KOHA) | |
| Fuente del sistema de clasificación o colocación | Clasificación decimal universal |
| Tipo de ítem Koha | Libro impreso |
| Suprimir en OPAC | No |
| Estatus retirado | Estado de pérdida | Fuente del sistema de clasificación o colocación | Estado de daño | No para préstamo | Biblioteca de origen | Biblioteca actual | Ubicación en estantería | Fecha de adquisición | Fuente de adquisición | Total de préstamos | Signatura topográfica completa | Código de barras | Visto por última vez | Precio de reemplazo | Tipo de ítem Koha |
|---|---|---|---|---|---|---|---|---|---|---|---|---|---|---|---|
| Clasificación decimal universal | Biblioteca del Ateneo de Madrid | Biblioteca del Ateneo de Madrid | Depósito J | 11/04/2025 | Donación | N-9103 | 101229849 | 11/04/2025 | 11/04/2025 | Libro impreso |
